00733nam a2200205 450000500170000002000290001704000350004608200150008110000180009624501790011425000120029326000670030530000270037254600090039965000260040865000170043465000260045165000320047770000180050920251011072827.0 a8170149568cTZS 17,500/= aMCCLbeng.eAACR 2nd. rev. ed. a346.07 KAP aKapoor, N. D. aGeneral & commercial laws : b[ for the international (new syllabus) of the institute of company secretaries of India and other similar courses]cN. D. Kapoor, and Rajni Abbi a6th ed. aNew Delhi :bSultan Chand & Sons Education publishers,cc2002. axiv, 724 p. ; c22 cm. aeng. aCommercial lawzIndia aBusiness law aConstitution of India aInformation technology Act. aKapoor, N. D.